[Event "Campeonato Individual para Veteranos 65 de Madrid 2024-2025"]
[Site "Madrid ESP"]
[Date "2025.05.21"]
[Round "3.11"]
[White "Garcia Esteban, Ignacio"]
[Black "Conchillo Roman, Jose Ignacio"]
[Result "0-1"]
[WhiteElo "1773"]
[BlackElo "1683"]
[PlyCount "50"]
[GameId "2180016166842439"]
[EventDate "2025.05.19"]

1. e4 c5 2. Nf3 d6 3. Bb5+ Bd7 4. Qe2 Nf6 5. Nc3 g6 6. e5 dxe5 7. Nxe5 Bg7 8. Bc4 O-O 9. O-O Nc6 10. Nxc6 Bxc6 11. d3 a6 12. a4 e6 13. Bg5 Qc7 14. h3 Nd5 15. Nd1 h6 16. Bd2 b5 17. axb5 axb5 18. Rxa8 Rxa8 19. Bb3 Nf4 20. Bxf4 Qxf4 21. Qe3 Qd6 22. Re1 Ra1 23. c3 b4 24. Bc2 Qd5 25. Qe4 b3 0-1

[Event "Campeonato Individual para Veteranos 65 de Madrid 2024-2025"]
[Site "Madrid ESP"]
[Date "2025.05.21"]
[Round "3.12"]
[White "Pena De Jose, Juan Francisco"]
[Black "De Los Rios Camacho, Juan Antoni"]
[Result "1-0"]
[WhiteElo "1660"]
[BlackElo "1752"]
[PlyCount "63"]
[GameId "2180045631934813"]
[EventDate "2025.05.19"]

1. e4 d6 2. Nc3 e5 3. Bc4 Nf6 4. d3 Bg4 5. f3 Bh5 6. Bg5 Be7 7. Be3 c6 8. Nge2 Nbd7 9. O-O Nb6 10. Bb3 d5 11. exd5 cxd5 12. Bf2 O-O 13. Ng3 Rc8 14. Nxh5 Nxh5 15. Kh1 Bc5 16. Qe1 Bxf2 17. Qxf2 d4 18. Nb5 a6 19. Na3 a5 20. Nc4 a4 21. Nxb6 Qxb6 22. Bxa4 Qxb2 23. Rfb1 Qa3 24. Bb3 Qd6 25. Bc4 b6 26. Rb5 Rc5 27. Rb2 Rb8 28. Rab1 Nf4 29. Qe1 Qc6 30. Qh4 Qg6 31. g3 Ne2 32. Rxb6 1-0

[Event "Campeonato Individual para Veteranos 65 de Madrid 2024-2025"]
[Site "Madrid ESP"]
[Date "2025.05.21"]
[Round "3.13"]
[White "Martinez Gallardo, Javier"]
[Black "Garcia Marin, Blas"]
[Result "1-0"]
[WhiteElo "1713"]
[BlackElo "1590"]
[PlyCount "81"]
[GameId "2180025790103779"]
[EventDate "2025.05.19"]

1. e4 c5 2. Nf3 Nc6 3. c3 e5 4. Bc4 h6 5. Bb3 Nf6 6. d3 d5 7. exd5 Nxd5 8. Qe2 Qd6 9. O-O Bg4 10. Re1 Bxf3 11. Qxf3 Nf6 12. Bf4 O-O-O 13. Bg3 Qc7 14. Qf5+ Qd7 15. Qxd7+ Rxd7 16. Bc2 Bd6 17. Na3 Nh5 18. d4 Nxg3 19. hxg3 cxd4 20. Bf5 dxc3 21. Nb5 cxb2 22. Rab1 Bb4 23. Red1 Rhd8 24. Rxb2 a6 25. Rxd7 Rxd7 26. Na7+ Kc7 27. Bxd7 Kxd7 28. Nxc6 Bc3 29. Rc2 bxc6 30. Rxc3 f6 31. Kf1 Kd6 32. Ke2 c5 33. Ra3 Kd5 34. Rxa6 c4 35. Kd2 Kd4 36. Rd6+ Kc5 37. Rd7 g6 38. Kc3 Kc6 39. Rf7 f5 40. Kxc4 Kd6 41. Rf6+ 1-0

[Event "Campeonato Individual para Veteranos 65 de Madrid 2024-2025"]
[Site "Madrid ESP"]
[Date "2025.05.21"]
[Round "3.14"]
[White "Martinez Miura, Enrique"]
[Black "Camarero Izquierdo, Juan Carlos"]
[Result "0-1"]
[WhiteElo "1680"]
[BlackElo "1892"]
[PlyCount "68"]
[GameId "2180016743288933"]
[EventDate "2025.05.19"]

1. e4 c5 2. Nf3 d6 3. d4 cxd4 4. Nxd4 Nf6 5. Nc3 a6 6. Be2 e6 7. O-O Nbd7 8. Be3 Qc7 9. Qd2 b5 10. a3 Bb7 11. f3 Rc8 12. Rac1 Nb6 13. Kh1 d5 14. exd5 Nbxd5 15. Nxd5 Nxd5 16. Bf2 Bd6 17. c4 bxc4 18. Rxc4 Qe7 19. Rxc8+ Bxc8 20. g3 O-O 21. Re1 Bb7 22. Kg1 Qf6 23. Rc1 Be5 24. f4 Bxd4 25. Bxd4 Qg6 26. Bf3 h5 27. Qg2 h4 28. Bxd5 Bxd5 29. Qf2 Qe4 30. Kf1 hxg3 31. hxg3 Rd8 32. Qe3 Qg2+ 33. Ke1 Bf3 34. Qe5 Rxd4 0-1

[Event "Campeonato Individual para Veteranos 65 de Madrid 2024-2025"]
[Site "Madrid ESP"]
[Date "2025.05.21"]
[Round "3.15"]
[White "Benito Mellado, Humberto"]
[Black "Martinez Pintor, Juan"]
[Result "0-1"]
[WhiteElo "1615"]
[BlackElo "1759"]
[PlyCount "68"]
[GameId "2180017465610355"]
[EventDate "2025.05.19"]

1. d4 d5 2. c4 e6 3. Nc3 Nf6 4. Nf3 Bb4 5. Bg5 Nbd7 6. Qc2 c6 7. cxd5 exd5 8. e3 O-O 9. Bd3 Qa5 10. O-O Re8 11. Rfc1 Bxc3 12. Qxc3 Qxc3 13. Rxc3 Ne4 14. Bxe4 dxe4 15. Nd2 Nb6 16. Nc4 Nd5 17. Rb3 Re6 18. Bh4 a5 19. Nb6 Nxb6 20. Rxb6 f6 21. a4 Re7 22. Bg3 Be6 23. b4 axb4 24. Rxb4 b5 25. Rc1 bxa4 26. Rxc6 a3 27. Rb1 a2 28. Ra1 Rb7 29. Rcc1 Ra3 30. Bd6 Ra5 31. d5 Bxd5 32. Rc8+ Kf7 33. Rc7+ Rxc7 34. Bxc7 Rb5 0-1

[Event "Campeonato Individual para Veteranos 65 de Madrid 2024-2025"]
[Site "Madrid ESP"]
[Date "2025.05.21"]
[Round "3.16"]
[White "Martinez Rubio, Felipe"]
[Black "Lozano Valverde, Eduardo"]
[Result "1-0"]
[WhiteElo "1748"]
[BlackElo "1454"]
[PlyCount "93"]
[GameId "2180046533415277"]
[EventDate "2025.05.19"]

1. d4 Nf6 2. Nf3 d5 3. Bf4 e6 4. e3 Nc6 5. c3 Bd6 6. Bg3 Ne4 7. Bd3 Be7 8. Nbd2 Nxg3 9. hxg3 g6 10. e4 Bf6 11. exd5 exd5 12. Qe2+ Be6 13. O-O-O Qd6 14. Kb1 O-O-O 15. Rde1 h5 16. Ne5 Bxe5 17. dxe5 Qd7 18. Nb3 Bf5 19. Nc5 Bxd3+ 20. Nxd3 Qf5 21. Qf3 Qxf3 22. gxf3 Rhe8 23. f4 d4 24. c4 b6 25. Kc2 Re6 26. f5 Ree8 27. fxg6 fxg6 28. f4 Ne7 29. Rhg1 Nf5 30. Kb3 c5 31. g4 hxg4 32. Rxg4 Re6 33. Reg1 Rg8 34. Rg5 Rh8 35. Nf2 Rh4 36. R5g4 Rxg4 37. Nxg4 Ne7 38. Nf6 a6 39. Nd5 Kd7 40. Nf6+ Kc6 41. Ne4 Kd7 42. Nf6+ Kc6 43. Kc2 b5 44. b3 bxc4 45. bxc4 Kb6 46. Nd7+ Kc6 47. Nf8 1-0

[Event "Campeonato Individual para Veteranos 65 de Madrid 2024-2025"]
[Site "Madrid ESP"]
[Date "2025.05.21"]
[Round "3.17"]
[White "Lopez Manso, Jeronimo"]
[Black "Jimenez Ascarza, Jose Ignacio"]
[Result "0-1"]
[WhiteElo "1547"]
[BlackElo "1704"]
[PlyCount "56"]
[GameId "2180027119440113"]
[EventDate "2025.05.19"]

1. f4 d5 2. Nf3 c5 3. c4 d4 4. d3 Nc6 5. g3 Nf6 6. Bg2 Qc7 7. e4 dxe3 8. Bxe3 e5 9. O-O Bd6 10. Ng5 O-O 11. Nc3 h6 12. Nb5 Qe7 13. Nxd6 Qxd6 14. Ne4 Nxe4 15. Bxe4 f5 16. Bd5+ Be6 17. fxe5 Nxe5 18. Bxe6+ Qxe6 19. Bxc5 Rfe8 20. Rc1 b6 21. Ba3 Rad8 22. d4 Nxc4 23. Qd3 Qe3+ 24. Qxe3 Nxe3 25. Rf2 Rxd4 26. b3 g6 27. Re2 Rde4 28. Kf2 Ng4+ 0-1

[Event "Campeonato Individual para Veteranos 65 de Madrid 2024-2025"]
[Site "Madrid ESP"]
[Date "2025.05.21"]
[Round "3.19"]
[White "Salgado Duarte, Pablo"]
[Black "Ghavami, Mahmoud"]
[Result "1/2-1/2"]
[WhiteElo "1618"]
[BlackElo "1610"]
[PlyCount "45"]
[GameId "2180019167723672"]
[EventDate "2025.05.19"]

1. e4 c6 2. Nf3 d5 3. exd5 cxd5 4. d4 Nc6 5. Nc3 Nf6 6. Be3 a6 7. h3 Bf5 8. a3 h6 9. Bd3 Ne4 10. Bxe4 dxe4 11. Nd2 Qb6 12. Nc4 Qc7 13. O-O Rd8 14. Ne2 e6 15. c3 Bg6 16. Nd2 Bd6 17. Kh1 O-O 18. Rc1 e5 19. d5 Ne7 20. c4 Nf5 21. Rc3 Nxe3 22. fxe3 f5 23. Ng1 1/2-1/2

[Event "Campeonato Individual para Veteranos 65 de Madrid 2024-2025"]
[Site "Madrid ESP"]
[Date "2025.05.21"]
[Round "3.20"]
[White "Calle Trueba, Jose Antonio"]
[Black "Vallespin Morales, Antonio"]
[Result "0-1"]
[WhiteElo "1582"]
[BlackElo "1530"]
[PlyCount "76"]
[GameId "2180048866779529"]
[EventDate "2025.05.19"]

1. e4 c5 2. Nc3 e6 3. Bc4 a6 4. a3 b5 5. Ba2 Bb7 6. d3 Nc6 7. f4 d6 8. Nf3 Be7 9. O-O Nf6 10. Qe1 O-O 11. f5 e5 12. Qg3 Re8 13. Nd5 Nxd5 14. Bxd5 Na5 15. Bxb7 Nxb7 16. h4 f6 17. h5 Kf7 18. Nh4 Rg8 19. Be3 d5 20. Rad1 d4 21. Bc1 Nd6 22. Qe1 Rc8 23. Bd2 Qe8 24. Ba5 Kf8 25. Qd2 Qxh5 26. Nf3 g5 27. Kf2 Qe8 28. Rh1 Rg7 29. g4 Bd8 30. Bxd8 Qxd8 31. Rh3 Qc7 32. Rdh1 Kg8 33. Rh6 Qe7 34. Qa5 Rc6 35. Qd2 c4 36. Kg3 cxd3 37. Qxd3 Qc7 38. Rxf6 Nxe4+ 0-1

[Event "Campeonato Individual para Veteranos 65 de Madrid 2024-2025"]
[Site "Madrid ESP"]
[Date "2025.05.21"]
[Round "3.21"]
[White "Tresguerres Riestra, Juan Jose"]
[Black "Alonso Ibanez, Jose"]
[Result "1/2-1/2"]
[WhiteElo "1487"]
[BlackElo "1569"]
[PlyCount "97"]
[GameId "2180049911415191"]
[EventDate "2025.05.19"]

1. e4 e6 2. d4 d5 3. Nd2 c5 4. exd5 exd5 5. c3 Nc6 6. Bb5 Bd7 7. Ngf3 Nf6 8. O-O Be7 9. Re1 O-O 10. Ne5 cxd4 11. Nxd7 Qxd7 12. Nf3 Bd6 13. Nxd4 a6 14. Ba4 b5 15. Bb3 Rae8 16. Be3 Re7 17. Qf3 Ne5 18. Qf5 Rfe8 19. h3 Nc4 20. Qxd7 Nxd7 21. Re2 Nxe3 22. fxe3 Bf4 23. Kf1 Rxe3 24. Bxd5 Nc5 25. Rd1 Ne4 26. Rxe3 Bxe3 27. g4 Nf6 28. Bb7 h5 29. Bxa6 hxg4 30. Bxb5 Re4 31. Bd3 Rf4+ 32. Ke2 gxh3 33. Kxe3 Nd5+ 34. Kd2 g5 35. Bc4 Nf6 36. Rf1 Ne4+ 37. Ke3 Rg4 38. Bd5 Rg3+ 39. Rf3 g4 40. Rxg3 Nxg3 41. Kf2 Nh5 42. a4 g3+ 43. Kg1 Nf4 44. Bf3 Nd3 45. b4 Ne1 46. Bd5 h2+ 47. Kh1 Nd3 48. Kg2 Ne1+ 49. Kh1 1/2-1/2

[Event "Campeonato Individual para Veteranos 65 de Madrid 2024-2025"]
[Site "Madrid ESP"]
[Date "2025.05.22"]
[Round "4.1"]
[White "Martin Martin, Luis Vicente"]
[Black "Garcia Galeote, Lorenzo"]
[Result "1/2-1/2"]
[WhiteElo "1958"]
[BlackElo "1894"]
[PlyCount "30"]
[GameId "2180375513358430"]
[EventDate "2025.05.19"]

1. d4 c5 2. c3 cxd4 3. cxd4 d5 4. Nc3 Nc6 5. Nf3 Nf6 6. a3 a6 7. Bf4 Bf5 8. e3 e6 9. Rc1 Bd6 10. Bxd6 Qxd6 11. Be2 O-O 12. Nh4 Bg6 13. Nxg6 hxg6 14. O-O Rac8 15. b4 b5 1/2-1/2

[Event "Campeonato Individual para Veteranos 65 de Madrid 2024-2025"]
[Site "Madrid ESP"]
[Date "2025.05.22"]
[Round "4.2"]
[White "Pastor Alonso De Prado, Alberto"]
[Black "Ciuro Munoz, Ricardo"]
[Result "1-0"]
[WhiteElo "1977"]
[BlackElo "1883"]
[PlyCount "49"]
[GameId "2180383851286692"]
[EventDate "2025.05.19"]

1. Nf3 Nf6 2. g3 e6 3. Bg2 Be7 4. c4 c5 5. Nc3 d5 6. cxd5 Nxd5 7. O-O Nc7 8. d4 O-O 9. Bf4 Nba6 10. Rc1 Nd5 11. Qd2 Nxf4 12. Qxf4 cxd4 13. Rfd1 Qb6 14. Na4 Qb5 15. Rxd4 Bf6 16. Rd2 Qh5 17. g4 Qa5 18. g5 Be7 19. b3 b5 20. Ne5 bxa4 21. Bxa8 axb3 22. axb3 Nb4 23. Rxc8 Rxc8 24. Qxf7+ Kh8 25. Qxe6 1-0

[Event "Campeonato Individual para Veteranos 65 de Madrid 2024-2025"]
[Site "Madrid ESP"]
[Date "2025.05.22"]
[Round "4.3"]
[White "Fernandez Garcia, Ignacio"]
[Black "Pinan Gaviria, Jose"]
[Result "1-0"]
[WhiteElo "1818"]
[BlackElo "1802"]
[PlyCount "81"]
[GameId "2180394984841428"]
[EventDate "2025.05.19"]

1. d4 Nf6 2. Nf3 g6 3. Nc3 Bg7 4. e4 d6 5. h3 Nbd7 6. Be3 O-O 7. Qd2 Re8 8. Nh2 e5 9. d5 Nc5 10. Bd3 Nxd3+ 11. cxd3 c5 12. Ne2 Bd7 13. Bg5 Qc8 14. Rc1 b6 15. Rc3 Qb7 16. Bxf6 Bxf6 17. Ng4 Bxg4 18. hxg4 Bg7 19. Rb3 Qd7 20. f3 b5 21. Rc3 a5 22. Rc1 b4 23. Kf2 Bf8 24. Rh3 f6 25. Rch1 Re7 26. f4 Rc8 27. g5 fxg5 28. fxe5 Rf7+ 29. Kg1 dxe5 30. Qxg5 c4 31. d4 exd4 32. Nf4 d3 33. Ne6 Qa7+ 34. Re3 d2 35. Kh2 c3 36. bxc3 bxc3 37. Rd3 Qf2 38. d6 Qe2 39. d7 Rd8 40. Nxd8 Bd6+ 41. Rxd6 1-0

[Event "Campeonato Individual para Veteranos 65 de Madrid 2024-2025"]
[Site "Madrid ESP"]
[Date "2025.05.22"]
[Round "4.4"]
[White "Hernandez Gutierrez, Jose"]
[Black "Gonzalez Rivera, Eduardo"]
[Result "1-0"]
[WhiteElo "1809"]
[BlackElo "2004"]
[PlyCount "77"]
[GameId "2180396321018082"]
[EventDate "2025.05.19"]

1. e4 e5 2. Nf3 Nc6 3. Bb5 a6 4. Bxc6 dxc6 5. O-O Bg4 6. h3 h5 7. d3 Qf6 8. Nbd2 Ne7 9. Re1 Ng6 10. Nc4 Bxf3 11. Qxf3 Qxf3 12. gxf3 Nh4 13. Nd2 Rh6 14. Kf1 Rg6 15. Ke2 Rg2 16. Nc4 Rh2 17. Be3 Ng2 18. Rh1 Rxh1 19. Rxh1 Nxe3 20. fxe3 f6 21. Rg1 Kf7 22. f4 Bd6 23. fxe5 fxe5 24. Rg5 g6 25. Nxe5+ Bxe5 26. Rxe5 Kf6 27. d4 b6 28. h4 a5 29. a4 Rd8 30. c3 c5 31. Rg5 c4 32. e5+ Kg7 33. e6 c6 34. e4 Rf8 35. d5 Rf4 36. Ke3 Rxh4 37. dxc6 Rh3+ 38. Kf4 Rh1 39. Ke5 1-0

[Event "Campeonato Individual para Veteranos 65 de Madrid 2024-2025"]
[Site "Madrid ESP"]
[Date "2025.05.22"]
[Round "4.5"]
[White "Alberdi Garcia, Carlos Alfonso"]
[Black "Lorenzo Bailador, Alfredo"]
[Result "0-1"]
[WhiteElo "1769"]
[BlackElo "1968"]
[PlyCount "106"]
[GameId "2180397666402544"]
[EventDate "2025.05.19"]

1. d4 d5 2. Nf3 Bf5 3. c4 e6 4. e3 c6 5. Qb3 Qb6 6. Nc3 Nd7 7. c5 Qxb3 8. axb3 a6 9. Nh4 Bg4 10. f3 Bh5 11. g4 Be7 12. Ng2 Bg6 13. Nf4 Bc2 14. b4 g5 15. Nd3 h5 16. Kd2 Bxd3 17. Bxd3 hxg4 18. fxg4 Ngf6 19. Be2 Rh4 20. h3 O-O-O 21. Bf3 Rdh8 22. Ke2 e5 23. Bd2 Rxh3 24. Rxh3 Rxh3 25. Rg1 Rh2+ 26. Ke1 e4 27. Bd1 b6 28. Ne2 a5 29. bxa5 bxc5 30. Ng3 Ne8 31. Rh1 Rxh1+ 32. Nxh1 Nd6 33. Ng3 Bf6 34. Bc3 Kb7 35. Kd2 Nc4+ 36. Ke2 Ka6 37. Ba4 Nb8 38. dxc5 Bxc3 39. bxc3 Kxa5 40. Bb3 Kb5 41. Nf5 Ne5 42. Bd1 Kxc5 43. Kf2 Kc4 44. Nd6+ Kxc3 45. Ne8 Kd2 46. Be2 Nbd7 47. Nd6 Nc5 48. Nf5 Ncd3+ 49. Bxd3 exd3 50. Nd4 Nxg4+ 51. Kf3 Ne5+ 52. Kf2 g4 53. Nb3+ Kc3 0-1

[Event "Campeonato Individual para Veteranos 65 de Madrid 2024-2025"]
[Site "Madrid ESP"]
[Date "2025.05.22"]
[Round "4.6"]
[White "Conchillo Roman, Jose Ignacio"]
[Black "Perez Agusti, Luis"]
[Result "1/2-1/2"]
[WhiteElo "1683"]
[BlackElo "1916"]
[PlyCount "96"]
[GameId "2180398814757118"]
[EventDate "2025.05.19"]

1. e4 e5 2. Nf3 Nf6 3. Nc3 Nc6 4. Bb5 d6 5. d3 a6 6. Ba4 Be7 7. Ne2 O-O 8. c3 b5 9. Bc2 d5 10. exd5 Qxd5 11. Bb3 Qd6 12. Ng3 Be6 13. Bc2 Rad8 14. O-O Qd5 15. Bg5 Bg4 16. Bxf6 Bxf3 17. gxf3 Bxf6 18. Qe2 Qd7 19. Qe4 Qd5 20. Rad1 g6 21. Bb3 Qxe4 22. fxe4 Na5 23. Bc2 c5 24. b3 Rd7 25. a3 Nc6 26. b4 Be7 27. Rb1 cxb4 28. axb4 Rc8 29. Rb2 Nd8 30. Ne2 Bg5 31. Ra1 Rd6 32. Rba2 Rcc6 33. Ra3 Ne6 34. Rd1 Nf4 35. Kf1 Rf6 36. Nxf4 Bxf4 37. Kg2 Rc7 38. Rda1 Rcc6 39. c4 Bd2 40. cxb5 Rxc2 41. Rxa6 Kg7 42. Rxf6 Kxf6 43. b6 Rb2 44. Ra2 Rxb4 45. Rxd2 Rxb6 46. f3 Ke6 47. d4 exd4 48. Rxd4 Rb3 1/2-1/2

[Event "Campeonato Individual para Veteranos 65 de Madrid 2024-2025"]
[Site "Madrid ESP"]
[Date "2025.05.22"]
[Round "4.7"]
[White "Martin-Consuegra Barrilero, Javi"]
[Black "Martinez Gallardo, Javier"]
[Result "0-1"]
[WhiteElo "1825"]
[BlackElo "1713"]
[PlyCount "114"]
[GameId "2180384937615538"]
[EventDate "2025.05.19"]

1. d4 Nf6 2. Nf3 e6 3. e3 b6 4. Bd3 Bb7 5. O-O Be7 6. b3 O-O 7. Bb2 d6 8. c4 Nbd7 9. Nbd2 Rc8 10. Qe2 Re8 11. e4 Bf8 12. e5 Ng4 13. h3 Nh6 14. Ne4 dxe5 15. dxe5 Nc5 16. Nxc5 Bxc5 17. Rad1 Qe7 18. Bb1 Nf5 19. Qc2 g6 20. Qe2 Ng3 21. Qe1 Nxf1 22. Qxf1 Bxf3 23. gxf3 Rcd8 24. Be4 Rxd1 25. Qxd1 Rd8 26. Qc1 Qh4 27. Qc2 Bxf2+ 28. Qxf2 Qxf2+ 29. Kxf2 Rd2+ 30. Kg3 Rxb2 31. a4 Rxb3 32. Bc6 Rc3 33. Bb5 Kg7 34. Kf4 g5+ 35. Ke4 f5+ 36. exf6+ Kxf6 37. f4 gxf4 38. Kxf4 Rxh3 39. Kg4 Ra3 40. Kf4 Rb3 41. Be8 Rb4 42. Kf3 Rxc4 43. Ke3 Ke5 44. Kd3 Rh4 45. Bc6 h5 46. Kc2 Kd6 47. Be8 Kc5 48. Kd3 e5 49. Ke3 c6 50. Bf7 Rxa4 51. Bxh5 b5 52. Bd1 Rd4 53. Bh5 a5 54. Bf7 a4 55. Be6 a3 56. Bf7 b4 57. Be6 Rc4 0-1

[Event "Campeonato Individual para Veteranos 65 de Madrid 2024-2025"]
[Site "Madrid ESP"]
[Date "2025.05.22"]
[Round "4.8"]
[White "Pena De Jose, Juan Francisco"]
[Black "Barahona Torrijos, Angel"]
[Result "0-1"]
[WhiteElo "1660"]
[BlackElo "1815"]
[PlyCount "78"]
[GameId "2180402046742799"]
[EventDate "2025.05.19"]

1. e4 e5 2. Nf3 Nc6 3. Bc4 Nf6 4. d3 d5 5. exd5 Nxd5 6. Bd2 Be7 7. Nc3 Be6 8. Nxd5 Bxd5 9. Bxd5 Qxd5 10. Qe2 O-O-O 11. Bc3 Bf6 12. Qe4 Qxe4+ 13. dxe4 Nd4 14. O-O-O Ne2+ 15. Kb1 Nxc3+ 16. bxc3 Rxd1+ 17. Rxd1 Rd8 18. Rd3 g6 19. g4 Rd6 20. Rxd6 cxd6 21. Kb2 Kd7 22. c4 Bd8 23. Ne1 Ke6 24. Nd3 Bb6 25. f3 Be3 26. Nb4 Bg1 27. h3 Kf6 28. a4 Kg5 29. Nd5 Kh4 30. Nf6 h6 31. Kb3 Kxh3 32. Kb4 Kg3 33. a5 Kxf3 34. Nd7 Kxg4 35. c5 Bxc5+ 36. Nxc5 dxc5+ 37. Kxc5 h5 38. a6 bxa6 39. Kd6 h4 0-1

[Event "Campeonato Individual para Veteranos 65 de Madrid 2024-2025"]
[Site "Madrid ESP"]
[Date "2025.05.22"]
[Round "4.9"]
[White "Cabanas Bravo, Juan Andres"]
[Black "Olmedo Camacho, Jose"]
[Result "1-0"]
[WhiteElo "1911"]
[BlackElo "1752"]
[PlyCount "65"]
[GameId "2180375855837292"]
[EventDate "2025.05.19"]

1. e4 e5 2. d4 exd4 3. f4 Nc6 4. Nf3 d5 5. e5 Bg4 6. h3 Bxf3 7. Qxf3 Be7 8. Bb5 Bh4+ 9. g3 Be7 10. O-O Qd7 11. Kg2 h5 12. c3 O-O-O 13. cxd4 Kb8 14. Be3 g5 15. fxg5 Nxe5 16. Bxd7 Nxf3 17. Rxf3 Rxd7 18. Rxf7 h4 19. g4 Kc8 20. Nc3 c6 21. Raf1 Bd6 22. g6 Rd8 23. Bg5 Re8 24. Rh7 Ne7 25. Rxh8 Rxh8 26. g7 Rg8 27. Rf8+ Kd7 28. Bxe7 Rxg7 29. Bxd6 Kxd6 30. Rh8 c5 31. Rh6+ Kd7 32. dxc5 d4 33. Rd6+ 1-0

[Event "Campeonato Individual para Veteranos 65 de Madrid 2024-2025"]
[Site "Madrid ESP"]
[Date "2025.05.22"]
[Round "4.10"]
[White "Camarero Izquierdo, Juan Carlos"]
[Black "Martinez Rubio, Felipe"]
[Result "1-0"]
[WhiteElo "1892"]
[BlackElo "1748"]
[PlyCount "47"]
[GameId "2180376683507834"]
[EventDate "2025.05.19"]

1. d4 Nf6 2. Nc3 c5 3. d5 d6 4. e4 a6 5. Bg5 b5 6. Bxf6 exf6 7. f4 Nd7 8. Nf3 b4 9. Ne2 Nb6 10. Ng3 Bg4 11. Be2 Qc7 12. O-O g6 13. Kh1 h5 14. Nh4 Bxe2 15. Nxe2 Nc4 16. Qc1 Bg7 17. b3 Nb6 18. Qe3 O-O 19. Qg3 Kh7 20. f5 g5 21. Nf3 Rae8 22. Nxg5+ Kh6 23. Ne6 Qd7 24. Qxg7# 1-0

[Event "Campeonato Individual para Veteranos 65 de Madrid 2024-2025"]
[Site "Madrid ESP"]
[Date "2025.05.22"]
[Round "4.11"]
[White "Mauriello, Nunzio"]
[Black "Lopez Heras, Arturo"]
[Result "1-0"]
[WhiteElo "1742"]
[BlackElo "1822"]
[PlyCount "91"]
[GameId "2180403080413471"]
[EventDate "2025.05.19"]

1. d4 Nf6 2. c4 e6 3. Nf3 d5 4. g3 Be7 5. Bg2 c6 6. Qc2 O-O 7. O-O Nbd7 8. Rd1 Ne4 9. b3 b6 10. Nc3 Nxc3 11. Qxc3 Bb7 12. Bb2 Nf6 13. Nd2 Rc8 14. e4 dxe4 15. Nxe4 Nxe4 16. Bxe4 Bf6 17. Qf3 Qc7 18. Rd3 Rfd8 19. Rad1 Qe7 20. a3 Rd7 21. h3 g6 22. Kh2 Bg7 23. Qg2 c5 24. Bxb7 Rxb7 25. f4 Rd7 26. d5 exd5 27. Bxg7 Kxg7 28. cxd5 c4 29. bxc4 Rxc4 30. Qb2+ Qf6 31. Qb5 Rc2+ 32. R1d2 Rxd2+ 33. Rxd2 Rd6 34. Qd3 a5 35. Kg2 h5 36. Kf3 h4 37. g4 g5 38. Qd4 Qxd4 39. Rxd4 f6 40. fxg5 fxg5 41. Ke4 Kf6 42. Rc4 Ke7 43. Ke5 Kd7 44. a4 Rh6 45. Kf5 Kd6 46. Rc6+ 1-0

[Event "Campeonato Individual para Veteranos 65 de Madrid 2024-2025"]
[Site "Madrid ESP"]
[Date "2025.05.22"]
[Round "4.13"]
[White "Martinez Pintor, Juan"]
[Black "Hortelano Hap, Ramon"]
[Result "1/2-1/2"]
[WhiteElo "1759"]
[BlackElo "1688"]
[PlyCount "54"]
[GameId "2180408353337799"]
[EventDate "2025.05.19"]

1. d4 c6 2. c4 d5 3. cxd5 cxd5 4. Nc3 Nf6 5. Nf3 Nc6 6. e3 e6 7. Bd3 Be7 8. O-O O-O 9. a3 a6 10. b4 b5 11. Bb2 Bb7 12. Rc1 Rc8 13. Bb1 Qd6 14. Qd3 h6 15. e4 dxe4 16. Nxe4 Nxe4 17. Qxe4 f5 18. Qe2 Qd5 19. Qd3 Rcd8 20. Rfd1 Bf6 21. Rc5 Qd7 22. Ba2 Kh8 23. Bb1 Be7 24. Ne5 Nxe5 25. Rxe5 Bd6 26. Re3 Bf4 27. Ree1 Qd6 1/2-1/2

[Event "Campeonato Individual para Veteranos 65 de Madrid 2024-2025"]
[Site "Madrid ESP"]
[Date "2025.05.22"]
[Round "4.14"]
[White "Jimenez Ascarza, Jose Ignacio"]
[Black "Garcia Esteban, Ignacio"]
[Result "1-0"]
[WhiteElo "1704"]
[BlackElo "1773"]
[PlyCount "73"]
[GameId "2180408954749399"]
[EventDate "2025.05.19"]

1. e4 c5 2. Nf3 Nc6 3. d4 cxd4 4. Nxd4 g6 5. Be3 Bg7 6. Nc3 d6 7. f3 Nf6 8. Qd2 Bd7 9. O-O-O Rc8 10. g4 h5 11. g5 Ng8 12. f4 a6 13. Nd5 Qa5 14. Nc3 Be6 15. Nxc6 bxc6 16. Bd4 f6 17. a3 c5 18. Be3 fxg5 19. fxg5 Rb8 20. Bg2 Bxc3 21. Qxc3 Qxc3 22. bxc3 Bg4 23. Rd2 Rh7 24. e5 Rd8 25. Bc6+ Bd7 26. Be4 Bf5 27. Bd5 e6 28. Bc6+ Kf8 29. exd6 e5 30. Bxc5 Bd7 31. Rf1+ Rf7 32. Rxf7+ Kxf7 33. Bb6 Rb8 34. Bc7 Bxc6 35. Bxb8 Ke6 36. Rf2 Be4 37. Rf8 1-0

[Event "Campeonato Individual para Veteranos 65 de Madrid 2024-2025"]
[Site "Madrid ESP"]
[Date "2025.05.22"]
[Round "4.15"]
[White "De Los Rios Camacho, Juan Antoni"]
[Black "Garcia Marin, Blas"]
[Result "1-0"]
[WhiteElo "1752"]
[BlackElo "1590"]
[PlyCount "59"]
[GameId "2180410201489893"]
[EventDate "2025.05.19"]

1. e4 c5 2. c3 e5 3. d4 Nc6 4. d5 Nce7 5. Nf3 d6 6. Bb5+ Bd7 7. Bxd7+ Qxd7 8. c4 Nf6 9. Nc3 a6 10. a4 Ng6 11. a5 Be7 12. O-O h5 13. Qa4 h4 14. h3 Nf4 15. Bxf4 exf4 16. e5 Qxa4 17. Rxa4 dxe5 18. Nxe5 Bd6 19. Nf3 O-O-O 20. Re1 Rde8 21. Raa1 Reg8 22. Ng5 Rf8 23. Nce4 Nxe4 24. Nxe4 Be5 25. Nxc5 Bxb2 26. Rab1 Bc3 27. Re7 Bxa5 28. Nxb7 Bc7 29. d6 Bd8 30. Nxd8 1-0

[Event "Campeonato Individual para Veteranos 65 de Madrid 2024-2025"]
[Site "Madrid ESP"]
[Date "2025.05.22"]
[Round "4.16"]
[White "Ghavami, Mahmoud"]
[Black "Diaz Begonte, Manuel"]
[Result "1-0"]
[WhiteElo "1610"]
[BlackElo "1699"]
[PlyCount "113"]
[GameId "2180410866921971"]
[EventDate "2025.05.19"]

1. d4 d5 2. c4 c6 3. Nc3 Nf6 4. h3 dxc4 5. a4 Bf5 6. Bg5 h6 7. Bxf6 exf6 8. e4 Bg6 9. Bxc4 Bb4 10. Qb3 Qe7 11. Nge2 Bxc3+ 12. bxc3 O-O 13. O-O Qc7 14. Bd3 Nd7 15. f4 Rad8 16. f5 Bh7 17. Rab1 Nc5 18. Qc2 Nxd3 19. Qxd3 Rfe8 20. Rbe1 Re5 21. Qg3 Re7 22. Qxc7 Rxc7 23. g4 Re7 24. Ng3 g6 25. Kf2 Rde8 26. a5 b5 27. axb6 axb6 28. Rb1 b5 29. Ke3 Ra7 30. Ra1 Rea8 31. Rxa7 Rxa7 32. d5 cxd5 33. exd5 gxf5 34. gxf5 Kf8 35. Kd4 Ra4+ 36. Kc5 Rc4+ 37. Kxb5 Rxc3 38. Ne4 Rxh3 39. Nxf6 Bxf5 40. Rxf5 Ke7 41. Kc5 Rc3+ 42. Kd4 Rc1 43. Ke5 Re1+ 44. Ne4 f6+ 45. Kd4 Rd1+ 46. Ke3 Re1+ 47. Kd3 Rd1+ 48. Ke2 Rd4 49. Ke3 Rd1 50. d6+ Ke6 51. Rxf6+ Ke5 52. Rxh6 Re1+ 53. Kf3 Rf1+ 54. Nf2 Ra1 55. Nd3+ Kd4 56. d7 Ra8 57. Rd6+ 1-0